Mots par formule chimique - 6 - Statistiques

Statistiques générales
  • Ce quiz a été pris 175 fois
  • Le résultat moyen est 9 sur 10
Statistiques - réponses
Hint Réponse % Correct
Bore-Argon Bar
99%
Indium-Fer-Carbon-Titane-Oxygène-Azote Infection
96%
Calcium-Azote-Yttrium-Oxygène-Azote Canyon
93%
Polonium-Plutonium-Lanthane-Iode-Rhénium Populaire
92%
Astate-Molybdène-Soufre-Phosphore-Helium-Rhénium Atmosphère
91%
Carbone-Radon-Indium-Titane-Fluor Craintif
91%
Soufre-Americium-Oxygène-Uranium-Radium-Iode Samouraï
91%
Plutonium-Bore-Lithium-Carbone-Iode-Tellure Publicité
90%
Bore-Arsenic-Soufre-Oxygène-Azote Basson
89%
Protactinium-Germanium-Soufre Pages
83%
Aucun quiz correspondant
Distribution des résultats
% des personnes avec chaque résultat
Percentile par nombre de réponses
Votre historique - résultats
Vous n’avez pas pris ce quiz